000 01586nam a22003977a 4500
003 CHAP
005 20220329143925.0
008 300812s2012 mx r 00010 spa d
010 _a103790
011 _a104762
035 _a115452
040 _cCHAP
090 _aTesis
100 1 _aDomínguez Hernández, Mónica.
_933824
245 1 0 _aSolución nutritiva y calidad del fruto en chile de agua (Capsicum annuum L.)
_h[En línea]
_c/por Mónica Domínguez Hernández y Saúl Gregorio Lázaro
260 _aChapingo, Méx. :
_bEl autor,
_c2012
500 _aPara ver el contenido del material haga clic en la liga
502 _aTesis (Ing. Agrónomo Especialista en Fitotecnia) -- UACH. Departamento de Fitotecnia
590 _aALEPH
_b10
_c20130110
_lUCH01
_h1546
590 _aBATCH-UPD
_b10
_c20130110
_lUCH01
_h1118
590 _aBATCH-UPD
_b10
_c20130410
_lUCH01
_h0612
590 _aBATCH-UPD
_b10
_c20130914
_lUCH01
_h0841
590 _aBATCH-UPD
_b10
_c20140324
_lUCH01
_h1533
590 _aBATCH-UPD
_b10
_c20141002
_lUCH01
_h0855
590 _aCONVERSION
_b10
_c20130109
_lUCH01
_h1357
650 0 4 _aCapsicum annum.
_918733
650 0 4 _aChile (Botánica)
_xRendimiento.
_922388
650 0 4 _aFertilizantes
_xEfecto en chile.
_940493
650 0 4 _aPlantas
_xNutrición.
_988874
700 1 _aGregorio Lázaro, Saúl.
_950609
856 _3Finding aid
_uhttp://10.13.5.2/tesis/115452.pdf
_zTeclea aqui
901 _aBK
942 _cFOLL
949 _aTesis
_bBC
_cTES
_d33724002335439
_eTS2
_fc.2
_h53869
_i115452
_st
949 _aTesis
_bBC
_cTES
_d33724002335470
_eTS1
_h53868
_i115452
_st
999 _c103790
_d103790